Statistics for Premier League 2022/23 Players by Name - R

Click here to take the quiz!

General Stats

  • This quiz has been taken 39 times
  • The average score is 17 of 26

Answer Stats

ClubPositionNationPlayer% Correct
LiverpoolScotlandDFAndrew Robertson
100%
Manchester UnitedEnglandFWMarcus Rashford
96%
Tottenham HotspurBrazilFWRicharlison
96%
Tottenham HotspurArgentinaDFCristian Romero
93%
West Ham UnitedEnglandMFDeclan Rice
93%
ArsenalEnglandGKAaron Ramsdale
85%
BrentfordSpainGKDavid Raya
81%
FulhamUnited StatesDFAntonee Robinson
78%
LiverpoolScotlandDFCalvin Ramsay
74%
Tottenham HotspurBrazilDFEmerson Royal
74%
Aston VillaEnglandMFJacob Ramsey
74%
Leeds UnitedSpainFWRodrigo
74%
FulhamUnited StatesDFTim Ream
74%
FulhamEnglandMFHarrison Reed
59%
FulhamSlovakiaGKMarek Rodak
59%
Crystal PalaceUnited StatesDFChris Richards
52%
Crystal PalaceNetherlandsMFJairo Riedewald
52%
Leeds UnitedSpainMFMarc Roca
52%
Newcastle UnitedScotlandMFMatt Ritchie
52%
Nottingham ForestEnglandDFOmar Richards
52%
Leeds UnitedSpainGKJoel Robles
48%
BournemouthIrelandGKDarren Randolph
44%
Leeds UnitedFranceFWGeorginio Rutter
37%
BrentfordDenmarkDFMads Roerslev
33%
BournemouthEnglandMFJoe Rothwell
19%
Crystal PalaceEnglandMFKaden Rodney
4%

Score Distribution

Percentile by Number Answered

Percent of People with Each Score

Your Score History

You have not taken this quiz